Súbor základných predpisov z oblasti kontroly

Na minha lista:
Detalhes bibliográficos
Formato: Livro
Idioma:eslovaco
Publicado em: Bratislava Výbor ľudovej kontroly 1983
Tags: Adicionar Tag
Sem tags, seja o primeiro a adicionar uma tag!

MARC

LEADER 00000nam a2200000 4500
001 c116000
005 20041019155203.3
041 0 |a slo 
044 |a SK 
245 1 0 |a Súbor základných predpisov z oblasti kontroly 
264 1 |a Bratislava  |b Výbor ľudovej kontroly  |c 1983 
300 |a 415 s.